[Event "Elit(Orgryte-LASK)"]
[Site "?"]
[Date "2014.02.01"]
[Round "5"]
[White "Nilsson, Sebastian"]
[Black "Eksmyr, Johan"]
[Result "1-0"]
[WhiteElo "2381"]
[BlackElo "2205"]
[PlyCount "87"]

1. e4 c6 2. d4 d5 3. Nc3 dxe4 4. Nxe4 Bf5 5. Ng3 Bg6 6. h4 h6 7. Nf3 Nd7 8. h5
Bh7 9. Bd3 Bxd3 10. Qxd3 e6 11. Bf4 Qa5+ 12. Bd2 Bb4 13. c3 Be7 14. c4 Qc7 15.
O-O-O Ngf6 16. Kb1 b5 17. Rc1 Qb7 18. Ne5 O-O 19. c5 Rad8 20. Qe2 Nb8 21. Qe3
Rd5 22. Ne2 Rdd8 23. f4 Nbd7 24. g4 Nxe5 25. fxe5 Nd5 26. Qf3 Bg5 27. Bxg5 hxg5
28. Ng3 Nf4 29. Rcd1 f5 30. exf6 gxf6 31. Ne4 Qh7 32. Ka1 a5 33. Nd6 Qd7 34.
Qe4 a4 35. Rhf1 a3 36. b3 f5 37. gxf5 exf5 38. Qe3 Qg7 39. Rg1 Rf6 40. Ne8 Re6
41. Qxf4 Rdxe8 42. Rxg5 Re1 43. Rxg7+ Kxg7 44. Qg3+ 1-0

[Event "Elit(Orgryte-LASK)"]
[Site "?"]
[Date "2014.02.01"]
[Round "5"]
[White "Gromark, Per-Olof"]
[Black "Lundberg, David"]
[Result "0-1"]
[WhiteElo "1912"]
[BlackElo "2169"]
[PlyCount "58"]

1. Nf3 Nf6 2. c4 c6 3. Nc3 d5 4. e3 e6 5. b3 Nbd7 6. Bb2 Bd6 7. Qc2 O-O 8. Be2
a6 9. d4 Re8 10. O-O dxc4 11. Bxc4 b5 12. Bd3 Bb7 13. Rac1 Rc8 14. Qe2 e5 15.
dxe5 Nxe5 16. Nxe5 Bxe5 17. Rfd1 Qe7 18. Bf5 Rcd8 19. Rxd8 Rxd8 20. Qc2 g6 21.
Bh3 c5 22. f4 Bb8 23. Nd1 Ne4 24. g3 Rd2 25. Qb1 Qd8 26. Nc3 Nf2 27. Bf1 Ng4
28. Ne4 Bxe4 29. Qxe4 Rxb2 0-1

[Event "Elit(Team Viking-Upsala)"]
[Site "?"]
[Date "2014.02.01"]
[Round "5"]
[White "Jansson, Borje"]
[Black "Volodin, Aleksandr"]
[Result "0-1"]
[WhiteElo "2263"]
[BlackElo "2522"]
[PlyCount "154"]

1. e4 c5 2. Nf3 e6 3. Nc3 Nc6 4. d4 cxd4 5. Nxd4 Qc7 6. g3 a6 7. Bg2 Nf6 8. O-O
Be7 9. Nde2 O-O 10. a4 Rd8 11. Nf4 d6 12. Re1 Rb8 13. Qe2 Bd7 14. Be3 Ne5 15.
Ba7 Rbc8 16. Bd4 Re8 17. Rec1 Qb8 18. Nh5 b5 19. axb5 axb5 20. f4 Nxh5 21. fxe5
g6 22. exd6 Bxd6 23. Rd1 b4 24. Na4 Bxa4 25. Rxa4 Be5 26. Bxe5 Qxe5 27. b3 Rc3
28. Rd2 Nf6 29. Bf3 Rec8 30. Kg2 Qc5 31. Qf2 Qb5 32. Ra7 Kg7 33. Be2 Qe5 34.
Bd3 Rd8 35. Re2 Rd7 36. Rxd7 Nxd7 37. Qa7 Nf6 38. Qe3 g5 39. Qf3 h6 40. Rf2 Rc7
41. Rf1 Re7 42. h4 Re8 43. Rh1 Rd8 44. Rf1 Rg8 45. Kh1 Ra8 46. Kg2 Ra7 47. Rh1
Rd7 48. hxg5 hxg5 49. g4 Rd8 50. Qg3 Qxg3+ 51. Kxg3 Nd7 52. Rd1 Ne5 53. Be2 Rc8
54. Rd2 Rc3+ 55. Kf2 Kf6 56. Bd1 Ke7 57. Be2 Nc6 58. Bd1 Rh3 59. Bf3 Kf6 60.
Kg2 Rh8 61. Rd7 Rc8 62. Bd1 Ne5 63. Rd4 Rb8 64. Kf2 Ke7 65. Ke3 Nc6 66. Rd2 Rh8
67. Kd3 Rd8+ 68. Ke3 Rc8 69. Rh2 Kd6 70. Rh7 Ne5 71. Rh5 f6 72. Rh6 Rc3+ 73.
Kd2 Nd7 74. Rh8 Rg3 75. Re8 Nc5 76. e5+ fxe5 77. Rb8 Ne4+ 0-1

[Event "Elit(LASK-Eksjo)"]
[Site "?"]
[Date "2014.02.02"]
[Round "6"]
[White "Carlsson, Pontus"]
[Black "Tikkanen, Hans"]
[Result "0-1"]
[WhiteElo "2597"]
[BlackElo "2631"]
[PlyCount "80"]

1. e4 e6 2. d4 d5 3. Nd2 c5 4. exd5 Qxd5 5. dxc5 Bxc5 6. Ngf3 Nf6 7. Bc4 Qc6 8.
Qe2 a6 9. a4 Nbd7 10. O-O O-O 11. Nb3 Bd6 12. Nbd4 Qc7 13. Bg5 h6 14. Bh4 Nh5
15. g3 Nhf6 16. Rad1 Re8 17. Rfe1 e5 18. Nf5 Bf8 19. Bb3 Nh7 20. g4 Nc5 21. Ba2
Nxa4 22. Nxe5 Be6 23. Rd7 Qa5 24. Bxe6 Rxe6 25. Nd4 Ree8 26. Rxf7 Rxe5 27. Qxe5
Qxe5 28. Rxf8+ Nxf8 29. Rxe5 Nxb2 30. Bg3 Rd8 31. Nf5 Nc4 32. Rc5 b5 33. Rc6 a5
34. Rc5 a4 35. Rxb5 a3 36. Rb1 Rd2 37. c3 a2 38. Ra1 Ne6 39. Ne7+ Kf7 40. Nc6
Rb2 0-1

[Event "Elit(LASK-Eksjo)"]
[Site "?"]
[Date "2014.02.02"]
[Round "6"]
[White "Grandelius, Nils"]
[Black "Gdanski, Jacek"]
[Result "1/2-1/2"]
[WhiteElo "2642"]
[BlackElo "2574"]
[PlyCount "85"]

1. d4 Nf6 2. Nf3 c5 3. d5 g6 4. c4 d6 5. Nc3 Bg7 6. h3 e6 7. e4 exd5 8. cxd5 a6
9. a4 Nbd7 10. Bd3 Nh5 11. Bg5 Bf6 12. Be3 O-O 13. O-O Re8 14. Re1 Rb8 15. Qd2
Ne5 16. Be2 Nxf3+ 17. Bxf3 b5 18. axb5 axb5 19. Bxh5 gxh5 20. e5 Rxe5 21. Bf4
Rxe1+ 22. Rxe1 Bf5 23. Ne4 Bxe4 24. Rxe4 Rb7 25. Qe2 Re7 26. Rxe7 Qxe7 27. Qxb5
Kg7 28. Qd3 Qe1+ 29. Kh2 Qxf2 30. Bxd6 h4 31. Qf3 Qxf3 32. gxf3 c4 33. Ba3 Kg6
34. Kg2 Kf5 35. Kf2 Bd4+ 36. Ke2 Ke5 37. d6 Ke6 38. Kd2 Kd7 39. Kc2 Kc6 40. b3
cxb3+ 41. Kxb3 Be5 42. Kc4 Bxd6 43. Bb2 1/2-1/2

[Event "Elit(LASK-Eksjo)"]
[Site "?"]
[Date "2014.02.02"]
[Round "6"]
[White "Bejtovic, Jasmin"]
[Black "Hansen, Sune Berg"]
[Result "0-1"]
[WhiteElo "2459"]
[BlackElo "2636"]
[PlyCount "114"]
[EventDate "2014.??.??"]

1. e4 e5 2. Nf3 Nc6 3. Bb5 a6 4. Ba4 Nf6 5. d3 d6 6. c3 g6 7. O-O Bg7 8. Re1
O-O 9. Bg5 h6 10. Bxf6 Qxf6 11. Nbd2 h5 12. h3 Nd8 13. Bb3 Ne6 14. Bxe6 Bxe6
15. d4 Rfe8 16. Qe2 Rad8 17. Qe3 Qe7 18. Nb3 b6 19. dxe5 dxe5 20. Rad1 a5 21.
Qe2 f6 22. Nh4 Kh7 23. Qf3 Bh6 24. g4 hxg4 25. hxg4 Bg5 26. Ng2 Rxd1 27. Rxd1
Rd8 28. Re1 Kg7 29. Ne3 Bxe3 30. Rxe3 Qd7 31. g5 Qd1+ 32. Kg2 Qxf3+ 33. Kxf3 a4
34. gxf6+ Kxf6 35. Nc1 Rd2 36. Re2 Rd1 37. Rc2 g5 38. c4 Bh3 39. Ke2 Rh1 40. c5
b5 41. Kd2 Bg2 42. c6 Bxe4 43. Rc5 Ke6 44. Ne2 Kd6 45. Rxb5 Bxc6 46. Rb4 Rh4
47. Rb8 Bf3 48. Nc3 Rf4 49. a3 g4 50. Ke3 c5 51. Rg8 c4 52. Rg6+ Ke7 53. Rg7+
Kf6 54. Rd7 Ke6 55. Rd8 Bc6 56. Rd2 Rf8 57. Rd1 Rf3+ 0-1

[Event "Elit(LASK-Eksjo)"]
[Site "?"]
[Date "2014.02.02"]
[Round "6"]
[White "Smith, Axel"]
[Black "Vernersson, Per"]
[Result "1/2-1/2"]
[WhiteElo "2544"]
[BlackElo "2409"]
[PlyCount "77"]

1. c4 e6 2. g3 d5 3. Bg2 Nf6 4. Nf3 Be7 5. O-O O-O 6. b3 c5 7. Bb2 Nc6 8. e3 d4
9. exd4 cxd4 10. Re1 Re8 11. d3 Bf8 12. Ne5 Nxe5 13. Rxe5 Nd7 14. Re1 e5 15.
Ba3 a5 16. Bxf8 Kxf8 17. Nd2 Nf6 18. Ne4 Rb8 19. c5 Nxe4 20. Bxe4 g6 21. a3 Bd7
22. b4 Bc6 23. Ra2 Kg7 24. Rae2 axb4 25. axb4 Qc7 26. Qb3 Re6 27. Qc4 Rbe8 28.
Bxc6 bxc6 29. f4 f6 30. Ra1 R6e7 31. fxe5 Rxe5 32. Rf2 Re1+ 33. Rxe1 Rxe1+ 34.
Rf1 Qe5 35. Rxe1 Qxe1+ 36. Kg2 Qe2+ 37. Kg1 Qe1+ 38. Kg2 Qe2+ 39. Kg1 1/2-1/2

[Event "Elit(LASK-Eksjo)"]
[Site "?"]
[Date "2014.02.02"]
[Round "6"]
[White "Rasmussen, Allan Stig"]
[Black "Semcesen, Daniel"]
[Result "1/2-1/2"]
[WhiteElo "2572"]
[BlackElo "2535"]
[PlyCount "61"]

1. c4 f5 2. d4 Nf6 3. Nc3 d6 4. Bg5 Nbd7 5. Qc2 g6 6. h4 Bg7 7. O-O-O O-O 8.
Nf3 c6 9. h5 Nxh5 10. e4 f4 11. e5 dxe5 12. c5 Qe8 13. Rxh5 gxh5 14. Bd3 e4 15.
Nxe4 h6 16. Bc4+ Kh8 17. Nh4 Nf6 18. Nc3 hxg5 19. Ng6+ Kh7 20. Nxf8+ Kh6 21.
Ne6 Bxe6 22. Bxe6 Qg6 23. Qe2 Rd8 24. Bb3 Bf8 25. Bc2 Qf7 26. Qe5 Bg7 27. g3
Nd5 28. Qe4 Nf6 29. Qe5 Nd5 30. Qe4 Nf6 31. Qe5 1/2-1/2

[Event "Elit(LASK-Eksjo)"]
[Site "?"]
[Date "2014.02.02"]
[Round "6"]
[White "Hillarp Persson, Tiger"]
[Black "Malesevic, Nedeljko"]
[Result "1-0"]
[WhiteElo "2620"]
[BlackElo "2336"]
[PlyCount "103"]

1. d4 d5 2. c4 e6 3. Nc3 Be7 4. cxd5 exd5 5. Bf4 c6 6. e3 Bd6 7. Nge2 Ne7 8. h4
Na6 9. Qd2 Bf5 10. Bxd6 Qxd6 11. Ng3 Nc7 12. Nxf5 Nxf5 13. g4 Ne7 14. O-O-O Qb4
15. Kb1 O-O-O 16. a3 Qd6 17. Bd3 h5 18. g5 f5 19. Ne2 Ne6 20. Rc1 Kb8 21. Ng1
c5 22. Nf3 Rhf8 23. dxc5 Nxc5 24. Nd4 Nxd3 25. Qxd3 a6 26. Ka2 g6 27. Ne2 Rc8
28. Nf4 Rxc1 29. Rxc1 Rd8 30. Qd4 Rc8 31. Qf6 Qxf6 32. Rxc8+ Nxc8 33. gxf6 Nd6
34. Nxg6 Kc7 35. Nf4 Kd7 36. Nxh5 Ne4 37. Ng3 Nd6 38. Ne2 Ke6 39. Nf4+ Ke5 40.
Kb3 d4 41. Nd3+ Ke4 42. Nc5+ Kd5 43. exd4 Kxd4 44. f7 Nxf7 45. Nxb7 Nh6 46. Kc2
Ng4 47. h5 Ke5 48. Nc5 f4 49. f3 Nh2 50. h6 Kf6 51. Ne4+ Kg6 52. Nd2 1-0

[Event "Elit(LASK-Eksjo)"]
[Site "?"]
[Date "2014.02.02"]
[Round "6"]
[White "Ornstein, Axel"]
[Black "Hall, Jesper"]
[Result "0-1"]
[WhiteElo "2324"]
[BlackElo "2547"]
[PlyCount "82"]

1. d4 e6 2. Nf3 c5 3. e3 Nf6 4. Bd3 b6 5. O-O d6 6. Nbd2 Nbd7 7. c3 Bb7 8. e4
Qc7 9. Re1 Be7 10. Nf1 g6 11. a4 O-O 12. Ng3 Rfe8 13. Bh6 Bf8 14. Qd2 Bg7 15.
h4 Bh8 16. Qg5 Qd8 17. h5 Nxh5 18. Nxh5 Qxg5 19. Nxg5 gxh5 20. e5 Nf8 21. Bxf8
Kxf8 22. Nxh7+ Ke7 23. exd6+ Kxd6 24. Ng5 Ke7 25. dxc5 bxc5 26. Be4 Rab8 27.
Bxb7 Rxb7 28. Re2 Reb8 29. Ra2 Rd8 30. Kf1 Rd1+ 31. Re1 Rd2 32. Re2 Bxc3 33.
Rxd2 Bxd2 34. Ne4 Bb4 35. Ke2 f5 36. Nd2 Bxd2 37. Kxd2 h4 38. Kc3 Rb4 39. b3
Rg4 40. f3 Rf4 41. Rd2 h3 0-1

[Event "Elit(LASK-Eksjo)"]
[Site "?"]
[Date "2014.02.02"]
[Round "6"]
[White "Nilsson, Sebastian"]
[Black "de Verdier, Michael"]
[Result "1/2-1/2"]
[WhiteElo "2381"]
[BlackElo "2398"]
[PlyCount "64"]
[EventDate "2014.??.??"]

1. e4 Nf6 2. e5 Nd5 3. d4 d6 4. Nf3 Bg4 5. Be2 e6 6. c4 Nb6 7. exd6 cxd6 8. Nc3
Be7 9. Be3 O-O 10. O-O Nc6 11. d5 exd5 12. Nxd5 Nxd5 13. Qxd5 Be6 14. Qd2 d5
15. c5 Rc8 16. Rfd1 d4 17. Nxd4 Nxd4 18. Qxd4 Qxd4 19. Bxd4 Bxc5 20. Bxc5 Rxc5
21. Rac1 Rxc1 22. Rxc1 Bxa2 23. Ra1 Bd5 24. Rxa7 Rc8 25. f3 g6 26. Ra5 Rc1+ 27.
Kf2 Bc6 28. b4 Rb1 29. b5 b6 30. Ra6 Bxb5 31. Rxb6 Bd3 32. Rxb1 Bxb1 1/2-1/2

[Event "Elit(Orgryte-Limhamn)"]
[Site "?"]
[Date "2014.02.22"]
[Round "6"]
[White "Jepson, Christian"]
[Black "Gajic, Mladen"]
[Result "1-0"]
[WhiteElo "2471"]
[BlackElo "2309"]
[PlyCount "79"]
[SourceDate "2014.02.24"]

1. d4 d5 2. c4 c6 3. Nf3 Nf6 4. Nc3 e6 5. Bg5 h6 6. Bxf6 Qxf6 7. e3 Nd7 8. Qc2
g6 9. a4 a5 10. Bd3 Qe7 11. O-O Bg7 12. Rfe1 O-O 13. e4 dxe4 14. Nxe4 c5 15. d5
e5 16. Ng3 f5 17. Bxf5 gxf5 18. Nxf5 Rxf5 19. Qxf5 Qf7 20. Qc2 Ra6 21. Rad1 Rg6
22. Nh4 Rg5 23. Re3 Nf8 24. Rg3 Rh5 25. Nf3 Bf5 26. Qc3 Ng6 27. d6 Kh7 28. Qxa5
e4 29. Qxc5 exf3 30. d7 Bxd7 31. Qxh5 Bc6 32. Rd6 Ne5 33. Qxf7 Nxf7 34. Rxc6
bxc6 35. b4 Ne5 36. b5 c5 37. b6 Bf8 38. a5 Bd6 39. Rxf3 Nxc4 40. Rf6 1-0

[Event "Elit(Orgryte-Limhamn)"]
[Site "?"]
[Date "2014.02.22"]
[Round "6"]
[White "Frisk Kockum, Anton"]
[Black "Ahlander, Bjorn"]
[Result "0-1"]
[WhiteElo "2425"]
[BlackElo "2521"]
[PlyCount "114"]

1. e4 c5 2. Nf3 d6 3. d4 cxd4 4. Nxd4 Nf6 5. Nc3 e6 6. Be3 a6 7. f4 b5 8. Bd3
b4 9. Nb1 e5 10. Nf5 g6 11. fxe5 dxe5 12. Nh6 Nc6 13. O-O Bxh6 14. Bxh6 Ng4 15.
Bd2 Qd4+ 16. Kh1 Nf2+ 17. Rxf2 Qxf2 18. a3 Rb8 19. Bh6 g5 20. Bxg5 Rg8 21. Qd2
Qxd2 22. Bxd2 a5 23. Be3 Rg6 24. Nd2 bxa3 25. bxa3 Nd4 26. Nc4 Nc6 27. Bc5 Be6
28. Rf1 f6 29. h3 a4 30. Nd6+ Kd7 31. Bb5 Ra8 32. Rd1 Kc7 33. Nc4 Nd4 34. Bb6+
Kb7 35. Bxd4 exd4 36. Rxd4 Rg5 37. Nd6+ Kc7 38. Ne8+ Kb6 39. Bxa4 Kc5 40. c3
Rb8 41. Rb4 Rd8 42. Nxf6 Rg3 43. e5 Bf5 44. Rf4 Bg6 45. Nd7+ Kd5 46. c4+ Ke6
47. Rd4 Rxa3 48. Bb5 Ke7 49. c5 Ra5 50. c6 Rxb5 51. c7 Rc8 52. Nf6 Rxe5 53.
Nd5+ Ke6 54. Nf4+ Kf7 55. Rd7+ Re7 56. Rxe7+ Kxe7 57. Nd5+ Ke6 0-1

[Event "Elit(Orgryte-Limhamn)"]
[Site "?"]
[Date "2014.02.22"]
[Round "6"]
[White "Johansson, Linus"]
[Black "Arnelind, Mikael"]
[Result "1-0"]
[WhiteElo "2425"]
[BlackElo "2229"]
[PlyCount "81"]

1. d4 Nf6 2. c4 e6 3. Nc3 Bb4 4. e3 O-O 5. Bd3 d5 6. Nf3 c5 7. O-O Nc6 8. a3
Bxc3 9. bxc3 dxc4 10. Bxc4 Qc7 11. Ba2 e5 12. d5 e4 13. dxc6 exf3 14. Qxf3 Bg4
15. Qg3 Qxc6 16. f3 Be6 17. e4 Bxa2 18. Rxa2 Rad8 19. e5 Nd5 20. c4 Nc3 21. Rc2
Rd3 22. Qe1 Na4 23. f4 Qd7 24. f5 Re8 25. Kh1 Rd4 26. h3 Nb6 27. f6 Na8 28.
fxg7 Qe6 29. Rcf2 Rd7 30. Rf4 Nc7 31. Qf2 b6 32. Bb2 Ree7 33. Qe2 Qg6 34. Rf6
Qd3 35. Qg4 Ne6 36. Kh2 Qc2 37. Ba1 Rd2 38. h4 h5 39. Qf3 Nd4 40. Bxd4 cxd4 41.
Rh6 1-0

[Event "Elit(Orgryte-Limhamn)"]
[Site "?"]
[Date "2014.02.22"]
[Round "6"]
[White "Ziegler, Ari"]
[Black "Lindgren, Philip"]
[Result "1-0"]
[WhiteElo "2353"]
[BlackElo "2413"]
[PlyCount "69"]

1. d4 d5 2. c4 c6 3. Nc3 Nf6 4. e3 e6 5. Nf3 Nbd7 6. Bd3 dxc4 7. Bxc4 b5 8. Bd3
Bb7 9. a3 b4 10. Na4 bxa3 11. O-O Be7 12. e4 O-O 13. e5 axb2 14. Bxb2 Nd5 15.
Ba3 c5 16. Nxc5 Nxc5 17. Bxc5 Bxc5 18. dxc5 Qe7 19. Rc1 Rfc8 20. Rc4 Ba6 21.
Rh4 Bxd3 22. Qxd3 h6 23. g4 Rxc5 24. g5 Rc3 25. Qe4 Rac8 26. gxh6 g6 27. Kg2
Rb3 28. Rd1 Rb4 29. Rd4 a5 30. h3 Rcb8 31. Rg4 Rxd4 32. Nxd4 Nc3 33. Qf3 Qb7
34. Nc6 Rc8 35. h7+ 1-0

[Event "Elit(Orgryte-Limhamn)"]
[Site "?"]
[Date "2014.02.22"]
[Round "6"]
[White "Schneider, Stefan"]
[Black "Kumar, Rahul"]
[Result "1-0"]
[WhiteElo "2423"]
[BlackElo "2245"]
[PlyCount "79"]

1. d4 Nf6 2. c4 g6 3. Nc3 d5 4. cxd5 Nxd5 5. e4 Nxc3 6. bxc3 c5 7. Be3 Bg7 8.
Qd2 cxd4 9. cxd4 O-O 10. Nf3 Nc6 11. Be2 Bg4 12. Rd1 Qa5 13. Qxa5 Nxa5 14. O-O
Rac8 15. Rc1 Rfd8 16. d5 b6 17. Ba6 Rxc1 18. Rxc1 Bxf3 19. gxf3 Be5 20. Bh6 Rb8
21. Kg2 Rd8 22. f4 Bd6 23. Kf3 Bc5 24. f5 f6 25. fxg6 hxg6 26. Bf4 Rf8 27. Rxc5
bxc5 28. Bc7 Kg7 29. Bxa5 Rb8 30. Bc4 Rb2 31. Bb3 Rb1 32. Bd2 Rh1 33. Kg2 Rb1
34. Be3 c4 35. Bxc4 Rb4 36. Bd3 Ra4 37. Bb1 a5 38. Bc5 Kf7 39. d6 exd6 40. Bc2
1-0

[Event "Elit(Orgryte-Limhamn)"]
[Site "?"]
[Date "2014.02.22"]
[Round "6"]
[White "Fransson, Patrick"]
[Black "Penalver, Osmani"]
[Result "0-1"]
[WhiteElo "2198"]
[BlackElo "2287"]
[PlyCount "106"]

1. d4 Nf6 2. Bg5 d5 3. e3 Ne4 4. h4 c5 5. c3 Nc6 6. Bf4 cxd4 7. exd4 e5 8. Bxe5
Nxe5 9. dxe5 Qb6 10. Qe2 Bc5 11. Nh3 Bxh3 12. Rxh3 Bxf2+ 13. Kd1 O-O 14. Kc2
Rfe8 15. Nd2 Rxe5 16. Nf3 Ree8 17. Qd3 Nc5 18. Qf5 g6 19. Qxd5 Rad8 20. Qc4 Re4
21. Qb5 Qc7 22. Ng5 a6 23. Qxc5 Bxc5 24. Nxe4 Qf4 25. Bd3 Be7 26. Rf1 Qe5 27.
Rhf3 f5 28. Ng5 b5 29. R1f2 Qd5 30. Nh3 Qxa2 31. h5 Ba3 32. Kc1 Qa1+ 33. Bb1
Rd1+ 34. Kxd1 Qxb1+ 35. Kd2 Qxb2+ 36. Kd3 Qb1+ 37. Rc2 Bc5 38. hxg6 hxg6 39.
Nf4 Qb3 40. Kd2 g5 41. Nd3 Qd5 42. Kc1 g4 43. Rg3 Bd6 44. Re3 f4 45. Re8+ Kf7
46. Rc8 Qxd3 47. Rd2 Ba3+ 48. Kd1 Qb1+ 49. Ke2 f3+ 50. gxf3 gxf3+ 51. Kf2 Qf5
52. Rc7+ Ke8 53. Kf1 Qh3+ 0-1

[Event "Elit(Orgryte-Limhamn)"]
[Site "?"]
[Date "2014.02.22"]
[Round "6"]
[White "Eklund, Joel"]
[Black "Fransson, Percy"]
[Result "1-0"]
[WhiteElo "2255"]
[BlackElo "2208"]
[PlyCount "95"]

1. d4 Nf6 2. c4 g6 3. f3 Bg7 4. e4 d6 5. Bg5 O-O 6. Qd2 c5 7. d5 a6 8. a4 e6 9.
Ne2 exd5 10. cxd5 Nbd7 11. Nec3 Rb8 12. Be2 Qc7 13. Na3 Re8 14. O-O Nh5 15.
Rfe1 Bd4+ 16. Kh1 f6 17. Bh6 Ne5 18. g3 Nf7 19. Be3 Bxe3 20. Qxe3 Qe7 21. Qd2
Bd7 22. a5 Qf8 23. Kg2 Qh6 24. Qxh6 Nxh6 25. Nc4 Nf7 26. Nb6 Re7 27. f4 Ng7 28.
Bc4 Rbe8 29. h3 h5 30. Rad1 Kf8 31. Kh2 f5 32. e5 dxe5 33. d6 Nxd6 34. Rxd6 Bc6
35. Ncd5 Re6 36. Rxe6 Rxe6 37. Rxe5 Rd6 38. Nc8 Rd8 39. Nce7 Be8 40. Kg2 Bf7
41. Kf3 Ne8 42. b3 Nd6 43. g4 hxg4+ 44. hxg4 fxg4+ 45. Kxg4 Rd7 46. Kg5 Bxd5
47. Nxg6+ Kg7 48. Bxd5 1-0

[Event "Elit(Orgryte-Limhamn)"]
[Site "?"]
[Date "2014.02.22"]
[Round "6"]
[White "Eksmyr, Johan"]
[Black "Mansson, Lars"]
[Result "0-1"]
[WhiteElo "2205"]
[BlackElo "2285"]
[PlyCount "72"]

1. d4 d5 2. c4 c6 3. Nf3 Nf6 4. e3 e6 5. b3 Nbd7 6. Bb2 b6 7. Nbd2 Be7 8. Bd3
Bb7 9. O-O O-O 10. Qc2 Rc8 11. Rad1 h6 12. Qb1 Qc7 13. Rfe1 c5 14. e4 dxe4 15.
Nxe4 cxd4 16. Nxd4 Ng4 17. Nf3 f5 18. Ned2 Bc5 19. Re2 Qf4 20. g3 Qc7 21. Bd4
Qc6 22. Bxc5 Nxc5 23. h3 Nxd3 24. Qxd3 Rcd8 25. Qc3 Nf6 26. Rde1 e5 27. Qxe5
Rxd2 28. Rxd2 Qxf3 29. Qe6+ Kh8 30. Kf1 Qg2+ 31. Ke2 Re8 32. Qxe8+ Nxe8 33. Rd8
Bc6 34. Kd1 Qf3+ 35. Kc1 Qc3+ 36. Kd1 Bf3+ 0-1

[Event "Elit(Farsta-Upsala)"]
[Site "?"]
[Date "2014.02.22"]
[Round "6"]
[White "Johansson, Jan"]
[Black "Lundin, Jan"]
[Result "1/2-1/2"]
[WhiteElo "2407"]
[BlackElo "2383"]
[PlyCount "58"]

1. d4 d5 2. Nf3 e6 3. c4 dxc4 4. e3 a6 5. Bxc4 Nf6 6. O-O c5 7. dxc5 Bxc5 8.
Qxd8+ Kxd8 9. Nbd2 Ke7 10. Nb3 Bb4 11. Bd2 Bxd2 12. Nfxd2 Bd7 13. Rfc1 Rc8 14.
Be2 b5 15. Rxc8 Bxc8 16. a4 bxa4 17. Rxa4 Ra7 18. f3 Bd7 19. Ra5 Rc7 20. Nd4
Nd5 21. Kf2 Nb4 22. N2b3 Kd6 23. f4 f6 24. Nd2 Ke7 25. Ne4 N4c6 26. Nxc6+ Bxc6
27. Nc3 Rd7 28. b4 Rd2 29. Ra2 Rxa2 1/2-1/2

[Event "Elit(Farsta-Upsala)"]
[Site "?"]
[Date "2014.02.22"]
[Round "6"]
[White "Degerman, Lars"]
[Black "Glimbrant, Torbjorn"]
[Result "1-0"]
[WhiteElo "2451"]
[BlackElo "2336"]
[PlyCount "109"]
[EventDate "2014.??.??"]

1. d4 d5 2. c4 c6 3. cxd5 cxd5 4. Bf4 Nc6 5. e3 Nf6 6. Nc3 a6 7. Bd3 e6 8. Rc1
Bd6 9. Bxd6 Qxd6 10. f4 h6 11. Nf3 Ng4 12. Qe2 f5 13. Ne5 h5 14. O-O Bd7 15.
Na4 Nxd4 16. exd4 Bxa4 17. Ng6 Rh6 18. Bxf5 Bb5 19. Bd3 Bxd3 20. Qxd3 Kf7 21.
Ne5+ Kg8 22. Rc5 Rf8 23. Ng6 Re8 24. Rfc1 Nf6 25. Rc8 Qb4 26. b3 h4 27. h3 Rh5
28. Kh2 Qd6 29. Rxe8+ Nxe8 30. Rc8 Qd7 31. Qc2 Rf5 32. Qc5 b6 33. Qc2 Qf7 34.
Ne5 Qe7 35. Qc6 Rf8 36. Kh1 Kh7 37. Qd7 Qb4 38. Nf3 Nf6 39. Qxe6 Rxc8 40. Qxc8
Qe7 41. Qf5+ Kg8 42. Qe5 Qxe5 43. fxe5 Ne4 44. Nxh4 b5 45. Nf5 Nc3 46. a3 Kf7
47. Ne3 Ke6 48. g4 g5 49. Kg2 b4 50. axb4 Na2 51. Nc2 Nc1 52. h4 gxh4 53. Kh3
Nxb3 54. Kxh4 a5 55. b5 1-0

[Event "Elit(Farsta-Upsala)"]
[Site "?"]
[Date "2014.02.22"]
[Round "6"]
[White "Andersson, Fredrik"]
[Black "Livner, Anders"]
[Result "1-0"]
[WhiteElo "2357"]
[BlackElo "2399"]
[PlyCount "87"]

1. e4 c6 2. d4 d5 3. e5 c5 4. dxc5 Nc6 5. Nf3 Bg4 6. c3 e6 7. b4 Nge7 8. Bb5 a6
9. Ba4 Ng6 10. Bxc6+ bxc6 11. Qa4 Qd7 12. Nd4 Nxe5 13. O-O Be7 14. h3 Bh5 15.
Bf4 Nd3 16. Bg3 Bf6 17. Nd2 O-O 18. N2b3 Rfc8 19. Na5 e5 20. Ndxc6 e4 21. Bd6
Kh8 22. Rab1 Be2 23. Qb3 Bxf1 24. Kxf1 Rxc6 25. Qxd5 Rcc8 26. Qxe4 Ne5 27. c4
h6 28. f4 Ng6 29. Qd5 Qa4 30. c6 Qxa2 31. Rd1 Re8 32. c7 Bh4 33. Qf3 Rac8 34.
Kg1 Bf6 35. c5 Nh4 36. Qd5 Re1+ 37. Kh2 Qxd5 38. Rxd5 Re2 39. Nc6 Rxg2+ 40. Kh1
Re8 41. Ne7 Bxe7 42. Bxe7 Rxe7 43. c8=Q+ Kh7 44. Re5 1-0

[Event "Elit(Farsta-Upsala)"]
[Site "?"]
[Date "2014.02.22"]
[Round "6"]
[White "von Bahr, Oskar"]
[Black "Burwick, Malte"]
[Result "1-0"]
[WhiteElo "2368"]
[BlackElo "2294"]
[PlyCount "69"]

1. e4 g6 2. d4 Bg7 3. Nc3 d6 4. Nf3 a6 5. Be2 b5 6. O-O Bb7 7. Re1 Nd7 8. a4 b4
9. Nd5 a5 10. Bc4 Ngf6 11. Nf4 e5 12. Ng5 O-O 13. Nxf7 Rxf7 14. Ne6 Qe7 15. Ng5
d5 16. exd5 Nxd5 17. dxe5 N7b6 18. Nxf7 Nxc4 19. e6 Nxb2 20. Qg4 Qe8 21. Nh6+
Kh8 22. Nf7+ Kg8 23. Nh6+ Kh8 24. e7 Nf6 25. Qh4 Nxa4 26. Bg5 Qc6 27. f3 Ne8
28. Rxa4 Qxa4 29. Nf7+ Kg8 30. Qc4 Bd4+ 31. Kh1 Kg7 32. Bh6+ Kg8 33. Nd8+ Kh8
34. Qxd4+ Kg8 35. Qc4+ 1-0

[Event "Elit(Farsta-Upsala)"]
[Site "?"]
[Date "2014.02.22"]
[Round "6"]
[White "Johansson, Carl Fredrik"]
[Black "Hjelm, Niclas"]
[Result "0-1"]
[WhiteElo "2224"]
[BlackElo "2376"]
[PlyCount "80"]

1. d4 d5 2. c4 c6 3. Nf3 Nf6 4. Nc3 dxc4 5. e4 b5 6. e5 Nd5 7. a4 e6 8. Be2 Nd7
9. O-O Nxc3 10. bxc3 Nb6 11. axb5 cxb5 12. Qc2 Bb7 13. Ng5 Be7 14. f4 g6 15. g4
a5 16. Ne4 Nd5 17. Bd2 Qb6 18. Rab1 Qc6 19. Bf3 b4 20. cxb4 axb4 21. Bxb4 Bxb4
22. Nf6+ Kf8 23. Rxb4 Nxb4 24. Bxc6 Nxc2 25. Bxb7 Ra1 26. Rxa1 Nxa1 27. Kf2 Nc2
28. d5 exd5 29. Bxd5 Na3 30. Ne4 Kg7 31. Ke3 Rd8 32. Nc3 Nb5 33. Nxb5 Rxd5 34.
Nc7 Rd3+ 35. Ke2 Rh3 36. e6 Rxh2+ 37. Ke3 fxe6 38. Nxe6+ Kf6 39. Nd4 h5 40. g5+
Kf7 0-1

[Event "Elit(Farsta-Upsala)"]
[Site "?"]
[Date "2014.02.22"]
[Round "6"]
[White "Ernst, Thomas"]
[Black "Malm Lindberg, Henrik"]
[Result "1/2-1/2"]
[WhiteElo "2356"]
[BlackElo "2274"]
[PlyCount "75"]

1. e4 c5 2. Nf3 e6 3. d4 cxd4 4. Nxd4 Nf6 5. Nc3 d6 6. g4 h6 7. h3 Nc6 8. Be3
Bd7 9. Qd2 a6 10. f4 Qc7 11. O-O-O Be7 12. Rg1 b5 13. Bxb5 axb5 14. Ndxb5 Qb8
15. Nxd6+ Bxd6 16. Qxd6 Qxd6 17. Rxd6 Na5 18. b3 Bc6 19. Bd4 Nxe4 20. Nxe4 Bxe4
21. Bxg7 Ke7 22. Rd4 Rhg8 23. Rxe4 Rxg7 24. Ra4 Rgg8 25. Rd1 Nc6 26. Rxa8 Rxa8
27. Kb2 h5 28. c4 hxg4 29. hxg4 Rg8 30. g5 e5 31. Re1 Kd6 32. Rf1 exf4 33. Rxf4
Ne5 34. Rf6+ Ke7 35. Rf5 Ke6 36. Rf6+ Ke7 37. Rf5 Ke6 38. Rf6+ 1/2-1/2

[Event "Elit(Farsta-Upsala)"]
[Site "?"]
[Date "2014.02.22"]
[Round "6"]
[White "Thorgeirsson, Sverrir"]
[Black "Ong, Kezli"]
[Result "0-1"]
[WhiteElo "2211"]
[BlackElo "2294"]
[PlyCount "102"]

1. d4 Nf6 2. c4 e6 3. Nc3 Bb4 4. Qc2 O-O 5. g3 c5 6. dxc5 Bxc5 7. Bg2 Nc6 8.
Nf3 d5 9. cxd5 Nb4 10. Qb3 Nbxd5 11. O-O Nxc3 12. Qxc3 Qb6 13. Qc2 Bd7 14. Ne5
Bb5 15. Nc4 Qa6 16. b3 Bc6 17. Bxc6 Qxc6 18. Bb2 Rac8 19. Bxf6 gxf6 20. Qb2 Kg7
21. Rac1 b5 22. Nd2 Qd5 23. Rfd1 Rfd8 24. Qb1 Qe5 25. Ne4 Rxd1+ 26. Rxd1 Bb6
27. e3 f5 28. Nd2 Bxe3 29. fxe3 Qxe3+ 30. Kf1 Rd8 31. Qc2 Rd5 32. a4 a6 33.
Qb2+ Kg6 34. Qc1 h5 35. axb5 axb5 36. Qc2 Rd4 37. Qc1 h4 38. Qc8 Rxd2 39. Qg8+
Kf6 40. Qh8+ Ke7 41. Qxh4+ Kd7 42. Rxd2+ Qxd2 43. b4 Qd1+ 44. Kf2 Qg4 45. Qf6
Qxb4 46. h4 Qc5+ 47. Ke2 b4 48. Qxf7+ Qe7 49. Qxe7+ Kxe7 50. Kd3 e5 51. Kc4 f4
0-1

[Event "Elit(Farsta-Upsala)"]
[Site "?"]
[Date "2014.02.22"]
[Round "6"]
[White "Lissang, Christopher"]
[Black "Johansson, Thomas"]
[Result "0-1"]
[WhiteElo "2285"]
[BlackElo "2232"]
[PlyCount "76"]

1. d4 e6 2. Nf3 Nf6 3. c4 Bb4+ 4. Nc3 b6 5. Qb3 a5 6. Bg5 h6 7. Bh4 Bb7 8. e3
g5 9. Bg3 Ne4 10. Be2 d6 11. d5 e5 12. Nd2 Bxc3 13. bxc3 Nxd2 14. Kxd2 Nd7 15.
h4 Rg8 16. Qc2 Qe7 17. hxg5 hxg5 18. Qf5 Bc8 19. Rh6 Nf8 20. Qc2 e4 21. c5 bxc5
22. Rb1 Ng6 23. Bb5+ Kf8 24. Bc6 Ra6 25. Rh7 Rb6 26. Rxb6 cxb6 27. Qb2 Qc7 28.
c4 Ne5 29. Bxe5 dxe5 30. Rh6 Kg7 31. Rh5 f6 32. Qb1 Bf5 33. Qh1 Bg6 34. Rh6 Rd8
35. Kc2 Qc8 36. a4 Qf5 37. Rh3 Qxf2+ 38. Kb3 g4 0-1